000 00236nam a2200097Ia 4500
001 726775
005 20250826163435.0
008 250824s9999 xx 000 0 und d
245 0 _aMERHABA UZAY
_cMERYEM TAŞÇI
260 _bGİZEMLİ BAHÇE
999 _c726775
_d726775